Mutaciones y transfiguraciones en el sector de los servicios públicos domiciliarios / (Registro nro. 11568)

Detalles MARC
000 -LEADER
fixed length control field 01150nam a2200217Ia 4500
003 - CONTROL NUMBER IDENTIFIER
control field OSt
005 - DATE AND TIME OF LATEST TRANSACTION
control field 20210423100315.0
008 - FIXED-LENGTH DATA ELEMENTS--GENERAL INFORMATION
fixed length control field 210310s2007 ck gr 000 0 spa d
040 ## - CATALOGING SOURCE
Original cataloging agency CO-JMCR
Transcribing agency CO-JMCR
041 0# - LANGUAGE CODE
Language code of text/sound track or separate title spa
082 04 - DEWEY DECIMAL CLASSIFICATION NUMBER
Edition number 23
Classification number 350.87 /
Item number A723m
100 1# - MAIN ENTRY--PERSONAL NAME
Personal name Atehortúa Ríos, Carlos Alberto,
Relator term autor
9 (RLIN) 25871
245 10 - TITLE STATEMENT
Title Mutaciones y transfiguraciones en el sector de los servicios públicos domiciliarios /
Statement of responsibility, etc. Caros Alberto Atehortúa Ríos
260 ## - PUBLICATION, DISTRIBUTION, ETC.
Place of publication, distribution, etc. Bogotá :
Name of publisher, distributor, etc. Andesco,
Date of publication, distribution, etc. 2007.
300 ## - PHYSICAL DESCRIPTION
Extent 109 páginas ;
Dimensions 28 cm
500 ## - GENERAL NOTE
General note Incluye notas a pie de página.
505 0# - FORMATTED CONTENTS NOTE
Formatted contents note Anotaciones preliminares -- El modelo jurídico colombiano es de derecho positivo -- El modelo constitucional en materias de servicios públicos domiciliarios. -- La especialidad del régimen de los servicios públicos se origina en la Constitución y se desarrolla en la ley. -- Mutaciones y trasfiguraciones al régimen vigente. -- Justificación de la construcción de un régimen especial para los servicios públicos.
650 14 - SUBJECT ADDED ENTRY--TOPICAL TERM
Topical term or geographic name entry element Modelo jurídico colombiano.
9 (RLIN) 25873
650 24 - SUBJECT ADDED ENTRY--TOPICAL TERM
Topical term or geographic name entry element Modelo constitucional colombiano.
9 (RLIN) 37079
942 ## - ADDED ENTRY ELEMENTS (KOHA)
Source of classification or shelving scheme Dewey Decimal Classification
Koha item type Books
Existencias
Withdrawn status Lost status Source of classification or shelving scheme Damaged status Not for loan Home library Current library Shelving location Date acquired Source of acquisition Full call number Barcode Date last seen Copy number Price effective from Koha item type
    Dewey Decimal Classification     Biblioteca Pública José María del Castillo y Rada Biblioteca Pública José María del Castillo y Rada General Stacks 04/15/2018 Donación 350.87 / A723m 430009746 05/16/2024 Ej.1 03/10/2021 Books